Регионална библиотека "Любен Каравелов" - Русе

Тронът на Луцифер (Запис номер 79099)

MARC детайли
000 -Лидер
Контролно поле с фиксирана дължина 01713nam a2200385 c 4500
003 - Код на организацията, давaща контролен номер
Контролно поле BLK
005 - Дата и час на последна редакция
Контролно поле 20230819094614.0
008 - Елементи от данни с фиксирана дължина
fixed length control field 180408b bul|||||r ||||||| ||bul||
010 ## - Наследен системен номер
LC control number KNG00083572000
040 ## - Източник на каталожния запис
Идентификатор на билиотеката - собственик на записа BLK
041 ## - Код за език
Код за езика на текст/звукозапис или на отделно заглавие Български
Код за езика КДБФ Български
080 ## - УДК
Текстов определител УДК Култ. Религиозни обичаи, обреди. Богослужение. Религ. церимониал, символика, мистерии, ритуални убийства. Амулети. Талисмани. Оракули, магьосници, вещери. Екзорсизъм. Свети места Вж и 1
УДК код - определител по УДК 291.3
УДК - код + определител 291.3
100 1# - Редна дума - Автор
Автор Парнов, Еремей Иудович
Авторска отговорност първи автор
R(LIN) 299040
139 ## - Редно поле
Редна дума Парнов, Еремей Иудович
Авторски знак Пар - П 22
245 10 - Сведения за заглавието
Заглавие Тронът на Луцифер
Подзаглавни данни Крит. есета за магията и окултизма
Редно поле (дума) Еремей Иудович Парнов; прев. от рус. Весела Петрова.
257 ## - Страна на издаване
Страна на създаване/издаване Русия
260 ## - Област на издателските данни
Място на издаване, разпространение и проч. София
Име на издателя, разпространителя и проч. Партиздат
Година на издаване 1989
300 ## - Физическа характеристика
Страници 320 с.
Илюстрации и др. с ил.
Размери/Мащаб 22 см
380 ## - Жанр
Жанр Религия. Теология
500 ## - Общи забележки
Забележка Ориг. загл. Трон Люцифера / Е. И. Парнов
650 #4 - Допълнително описание по предмет – тема
Основно описание – тема или топоним Окултизъм
9 (RLIN) 164936
650 #4 - Допълнително описание по предмет – тема
Основно описание – тема или топоним Магия
9 (RLIN) 160893
650 #4 - Допълнително описание по предмет – тема
Основно описание – тема или топоним Астрология
9 (RLIN) 147757
653 ## - Ключова дума – ненормативна
Ключова дума мистика
653 ## - Ключова дума – ненормативна
Ключова дума магии
653 ## - Ключова дума – ненормативна
Ключова дума окултизъм
700 1# - Други автори (авторска отговорност)
Лично име Петрова, Весела
Автороска отговорност (Описва отношението между автора и произведението) прев. от рус.
9 (RLIN) 363689
852 ## - Местоположение
Форматна сигнатура Цб 159975
856 4# - Електронен адрес и достъп
Електронен формат pdf - файл
Инструкция (цена за достъп) 0.00
Права за достъп disable
856 4# - Електронен адрес и достъп
Електронен формат pdf - файл
Инструкция (цена за достъп) 0.00
Права за достъп disable
999 ## - СИСТЕМНИ КОНТРОЛНИ НОМЕРА
Koha biblionumber 79099
Koha biblioitemnumber 79099
942 ## - АРТИКУЛИ
Вид на библиотечния материал Книги
Скрит в OPAC Не
Koha issues (borrowed), all copies 2
Периодичен библиозапис Да
944 ## - СЪЗДАВАНЕ И РЕДАКЦИЯ на ЗАПИСА
Създаване/Редакция Създаване
Дата на регистрацията/редакция 29.04.2008
Служител, извършил регистрацията/редакцията 30529
Статус, дата на статуса Диана Гривева
944 ## - СЪЗДАВАНЕ И РЕДАКЦИЯ на ЗАПИСА
Създаване/Редакция Редакция
Дата на регистрацията/редакция 16.05.2008
999 ## - СИСТЕМНИ КОНТРОЛНИ НОМЕРА
Koha biblioitemnumber 79099
Наличности
Код за отписване Код за изгубен артикул Код за повреда Коз за рестрикции Код за отдаване Артикулен № Име на библиотеката - собственик Име на библиотеката, в която се намира в момента Статус (Текущо местоположение) Дата на вписване в системата Местоположение - отдел Цена в лева Инвентарен номер Систематично азбучна сигнатура Баркод Номер на екземпляра Цена в евро Служебна бележка Служебен тип на артикула Източник на класификационната схема
  Не е изгубен Не е повреден без рестрикции заемане за дома 127948 Регионална библиотека "Любен Каравелов" Русе Регионална библиотека "Любен Каравелов" Русе Заемна - подръчен фонд 2008-04-29 Заемна - подръчен фонд 2.25 120000726023 П 29/П 22 120000726023 1 1.15 Дост: DA Вид: А N: 9 Дата: 29.04.2008 Дата инв: 02.02.2018 Бележки инв: П2018 Книги  
  Не е изгубен Не е повреден без рестрикции ползва се в читалня 127949 Регионална библиотека "Любен Каравелов" Русе Регионална библиотека "Любен Каравелов" Русе Хранилище 1989-01-01 Хранилище 2.25 523637 Цб 159975 120000523637 2 1.15 Дост: Dp Вид: Д N: стар фонд Дата: 01.01.1989 Книги Universal Decimal Classification
Vip Innovations Ltd, Rousse, Bulgaria 2025